Polscy skoczkowie w top 30 klasyfikacji generalnej pucharu świata - Statystyki

Ogólne statystyki
  • Ten quiz został rozwiązany 111 razy
  • Średni wynik to 67 z 71
Statystyki odpowiedzi
Sezon Miejsce Skoczek % Poprawnych
95/96 7 Adam Małysz
100%
96/97 10 Adam Małysz
100%
99/00 28 Adam Małysz
100%
00/01 1 Adam Małysz
100%
01/02 1 Adam Małysz
100%
02/03 1 Adam Małysz
100%
03/04 12 Adam Małysz
100%
04/05 4 Adam Małysz
100%
05/06 9 Adam Małysz
100%
06/07 1 Adam Małysz
100%
07/08 9 Adam Małysz
100%
08/09 13 Adam Małysz
100%
09/10 5 Adam Małysz
100%
10/11 3 Adam Małysz
100%
06/07 30 Kamil Stoch
100%
07/08 30 Kamil Stoch
100%
08/09 30 Kamil Stoch
100%
09/10 24 Kamil Stoch
100%
10/11 10 Kamil Stoch
100%
11/12 5 Kamil Stoch
100%
12/13 3 Kamil Stoch
100%
13/14 1 Kamil Stoch
100%
14/15 9 Kamil Stoch
100%
15/16 22 Kamil Stoch
100%
16/17 2 Kamil Stoch
100%
17/18 1 Kamil Stoch
100%
18/19 3 Kamil Stoch
100%
19/20 5 Kamil Stoch
100%
20/21 3 Kamil Stoch
100%
21/22 19 Kamil Stoch
100%
22/23 14 Kamil Stoch
100%
23/24 26 Kamil Stoch
100%
11/12 19 Piotr Żyła
100%
12/13 15 Piotr Żyła
100%
13/14 20 Piotr Żyła
100%
14/15 19 Piotr Żyła
100%
15/16 26 Piotr żyła
100%
16/17 11 Piotr Żyła
100%
17/18 16 Piotr Żyła
100%
18/19 4 Piotr Żyła
100%
19/20 11 Piotr Żyła
100%
20/21 7 Piotr Żyła
100%
21/22 14 Piotr Żyła
100%
22/23 6 Piotr Żyła
100%
23/24 25 Piotr Żyła
100%
15/16 29 Dawid Kubacki
99%
16/17 19 Dawid Kubacki
99%
17/18 9 Dawid Kubacki
99%
18/19 5 Dawid Kubacki
99%
19/20 4 Dawid Kubacki
99%
20/21 8 Dawid Kubacki
99%
21/22 27 Dawid Kubacki
99%
22/23 4 Dawid Kubacki
99%
23/24 28 Dawid Kubacki
99%
12/13 18 Maciej Kot
96%
13/14 17 Maciej Kot
96%
16/17 5 Maciej Kot
96%
17/18 21 Maciej Kot
96%
23/24 19 Aleksander Zniszczoł
89%
17/18 13 Stefan Hula
85%
20/21 16 Andrzej Stękała
81%
18/19 22 Jakub Wolny
76%
20/21 27 Jakub Wolny
76%
13/14 25 Jan Ziobro
76%
79/80 16 Piotr Fijas
70%
81/82 26 Piotr Fijas
70%
83/84 17 Piotr Fijas
70%
84/85 14 Piotr Fijas
70%
85/86 15 Piotr Fijas
70%
96/97 30 Robert Mateja
67%
79/80 3 Stanisław Bobak
65%
Nie znaleziono quizów pasujących do podanych kryteriów
Rozkład punktacji
Procent ludzi z każdym wynikiem
Percentyl według liczby udzielonych odpowiedzi
Twoja historia wyników
Nie rozwiązałeś tego quizu